MESTSKÁ KNIŽNICA GIRALTOVCE  - online katalóg 

Nemecký jazyk pre 1. ročník stredných škôl ; Ľudmila Čulenová, Věra Höppnerová, Eva Ondrčková, Sigrid Múčková, Eva Kyselicová, Štefan Pavelka, Agáta pozri Lieskovská-Horová Horová-Lieskovská, Agáta Lieskovská-Horová (Record no. 15079)

000 -NÁVESTIE
fixed length control field 01093nam a2200277 a 4500
008 - ÚDAJE S PEVNOU DĹŽKOU – VŠEOBECNÉ INFORMÁCIE
fixed length control field 951214s1988||||[C 0 slo c
020 ## - MEDZINÁRODNÉ ŠTANDARDNÉ ČÍSLO KNIHY (ISBN)
Údaje o dostupnosti 11 Kčs.
Qualifying information (24800 výtl.)
040 ## - ZDROJ KATALOGIZÁCIE
Pôvodná katalogizujúca agentúra SNK
Jazyk katalogizácie slo
Prepisujúca agentúra SNK
Konvencie popisu AACR2
041 1# - KÓD JAZYKA
Kód jazyka textu/zvukovej stopy alebo samostatných nápisov slo
Kód jazyka originálu a/alebo sprostredkujúcich prekladov textu slo
044 ## - KÓD KRAJINY VYDAVATEĽA/PRODUCENTA
Kód krajiny MARC xo
Kód krajiny ISO SK
080 ## - ČÍSLO MEDZINÁRODNÉHO DESATINNÉHO TRIEDENIA (MDT)
Číslo Medzinárodného desatinného triedenia (MDT) 803.0(075.3)
245 10 - NÁZOV
Názov Nemecký jazyk pre 1. ročník stredných škôl ; Ľudmila Čulenová, Věra Höppnerová, Eva Ondrčková, Sigrid Múčková, Eva Kyselicová, Štefan Pavelka, Agáta pozri Lieskovská-Horová Horová-Lieskovská, Agáta Lieskovská-Horová
250 ## - ÚDAJ O PORADÍ VYDANIA
Údaj o poradí vydania 2., vyd.
260 ## - VYDAVATEĽSKÉ ÚDAJE, DISTRIBÚCIA ATĎ.
Miesto publikovania, distribúcie atď. Bratislava
Názov vydavateľa, distibútora atď. SPN
Dátum publikovania, distribúcie atď. 1988
Miesto výroby Prešov
Výrobca Duklianske tlačiarne
300 ## - FYZICKÝ POPIS
Rozsah 208 s., 9,74 AH
Rozmery 21 cm
500 ## - VŠEOBECNÁ POZNÁMKA
Formátovaná poznámka o obsahu Nem.-slov. slovník. Schválilo MŠ SSR.
700 1# - PRIDANÝ VSTUP – OSOBNÉ MENO
Osobné meno Čulenová, Ľudmila
Kód roly aut
700 1# - PRIDANÝ VSTUP – OSOBNÉ MENO
Osobné meno Höppnerová, Věra
Kód roly aut
700 1# - PRIDANÝ VSTUP – OSOBNÉ MENO
Osobné meno Ondrčková, Eva
Kód roly aut
700 1# - PRIDANÝ VSTUP – OSOBNÉ MENO
Osobné meno Múčková, Sigrid
Kód roly aut
700 1# - PRIDANÝ VSTUP – OSOBNÉ MENO
Osobné meno Kyselicová, Eva
Kód roly bkd
700 1# - PRIDANÝ VSTUP – OSOBNÉ MENO
Osobné meno Pavelka, Štefan
Kód roly bkd
700 1# - PRIDANÝ VSTUP – OSOBNÉ MENO
Osobné meno Horová-Lieskovská, Agáta pozri Lieskovská-Horová
Kód roly bkd
700 1# - PRIDANÝ VSTUP – OSOBNÉ MENO
Osobné meno Lieskovská-Horová, Agáta
Kód roly bkd
958 ## - Formálny deskriptor
Formálny deskriptor A
Holdings
Stav stiahnutia (Blokovanie) (Withrawn status) Stav straty Stav poškodenia (Damaged status) Nie pre výpožičky (Not for loan) Spôsob nadobudnutia (Collection code) Trvalé umiestnenie Aktuálne umiestnenie Dátum nadobudnutia Náklady, bežná kúpna cena Inventárne číslo (prírastkové číslo) Full call number Dátum posledného výskytu Cena s účinnosťou od Typ jednotky Koha
        Kúpa Mestská knižnica Giraltovce Mestská knižnica Giraltovce 2019-11-29 11.00 14116 I 0187 2019-11-29 2019-11-29 Odborná literatúra pre dospelých

Powered by Koha